| 000 | 00584nam a2200193 i 4500 | ||
|---|---|---|---|
| 001 | 27218 | ||
| 003 | ES-MaACL | ||
| 005 | 20230906153559.0 | ||
| 007 | t| | ||
| 008 | 030113s1978 sp ||||1| spa d | ||
| 100 | 1 |
_aArroyo Morillo, José. _923377 |
|
| 245 | 1 | 0 |
_aToda la obra poética del pontanés Manuel Pérez Carrascosa / _cJosé Arroyo Morillo. |
| 260 |
_aPuente Genil : _b[s.n., _c1978] ( _fGráf. Consolación) |
||
| 300 |
_a94 p. ; _c23 cm. |
||
| 490 | 1 |
_aAnzur ; _v7 |
|
| 830 | 0 |
_aAnzur ; _v7 _9229203 |
|
| 852 |
_aES-MaACL _jA-10757 _bR.99975 |
||
| 999 |
_c27218 _d27218 |
||